| 000 | 00487nam a2200181Ia 4500 | ||
|---|---|---|---|
| 999 |
_c14250 _d14250 |
||
| 003 | OSt | ||
| 005 | 20201027121117.0 | ||
| 008 | 190216s9999||||xx |||||||||||||| ||und|| | ||
| 020 | _a9780340838471 | ||
| 040 | _coclc | ||
| 082 |
_a813.54 _bMIL/S |
||
| 100 |
_aMills, Kyle _96109 |
||
| 245 | 0 |
_aStorming Heaven / _cKyle Mills |
|
| 260 |
_bCoronet Books, _aLondon: _c2004. |
||
| 300 | _a513p | ||
| 650 | _aEnglish | ||
| 942 |
_cBK _2ddc _h813.54 _iMIL/S _k813.54 _mMIL/S |
||